Visualizzazione normale
Vista MARC
- Stewart Dave
di Personal Name
Records bibliografici associati: 1
001 - CONTROL NUMBER
- control field: 20644
003 - CONTROL NUMBER IDENTIFIER
- control field: IT-RoPau
005 - DATE AND TIME OF LATEST TRANSACTION
- control field: 20140413121439.0
008 - FIXED-LENGTH DATA ELEMENTS
- fixed length control field: 140413|| aca||aabn | a|a d
040 ## - CATALOGING SOURCE
- Original cataloging agency: IT-RoPau
- Transcribing agency: IT-RoPau
100 ## - HEADING--PERSONAL NAME
- Personal name: Stewart Dave
- Miscellaneous information: Codice interprete SPICS: 28563
- Relator term: Interprete
670 ## - SOURCE DATA FOUND
- Source citation: Work cat.: (IT-RoPau)99150: Webber Andrew Lloyd 977, Jesus Christ Superstar